[Event "Morbihan-ch 1112"]
[Site "Morbihan"]
[Date "2012.02.04"]
[Round "5.3"]
[White "Cozic, Daniel"]
[Black "Le Corre, Patrick"]
[Result "0-1"]
[WhiteElo "1798"]
[BlackElo "1932"]
[PlyCount "66"]
[EventDate "2011.10.08"]
[EventType "swiss"]
[EventRounds "7"]
[EventCountry "FRA"]
[SourceTitle "EXT 2014"]
[Source "ChessBase"]
[SourceDate "2013.11.20"]
[SourceVersion "1"]
[SourceVersionDate "2013.11.20"]
[SourceQuality "1"]

1. g4 d5 2. Bg2 e5 3. d4 e4 4. g5 Bd6 5. c4 c6 6. Nc3 Ne7 7. Qb3 Bc7 8. e3 b6 9. Nge2 Ba6 10. cxd5 cxd5 11. Bd2 Nbc6 12. h4 0-0 13. f4 Na5 14. Qd1 Nc4 15. b3 Nb2 16. Qc2 Nd3+ 17. Kf1 Nf5 18. Kg1 Bd6 19. Rh3 Rc8 20. Qd1 Ba3 21. h5 Qd6 22. Rb1 Rc7 23. Ng3 Nxe3 24. Bxe3 Rxc3 25. Nf5 Qc7 26. Qg4 Bc8 27. g6 fxg6 28. hxg6 Bxf5 29. Qh5 hxg6 30. Qh7+ Kf7 31. Rg3 Qc8 32. Qh4 Rh8 33. Qg5 Be7 0-1

[Event "Morbihan-ch 1112"]
[Site "Morbihan"]
[Date "2012.01.21"]
[Round "4.9"]
[White "Cozic, Daniel"]
[Black "Malry, Celia"]
[Result "1-0"]
[WhiteElo "1798"]
[BlackElo "1530"]
[PlyCount "57"]
[EventDate "2011.10.08"]
[EventType "swiss"]
[EventRounds "7"]
[EventCountry "FRA"]
[SourceTitle "EXT 2014"]
[Source "ChessBase"]
[SourceDate "2013.11.20"]
[SourceVersion "1"]
[SourceVersionDate "2013.11.20"]
[SourceQuality "1"]

1. g4 d5 2. Bg2 e5 3. c4 d4 4. d3 Bd6 5. Qb3 Nc6 6. g5 Bb4+ 7. Nd2 Rb8 8. h4 f6 9. a3 Ba5 10. Bxc6+ Bd7 11. Bxd7+ Qxd7 12. Ngf3 Qf5 13. Qb5+ Kd8 14. Qxa5 a6 15. Nxd4 Qg6 16. Ne6+ Ke7 17. Qxc7+ Kxe6 18. Qxb8 Qf7 19. Ne4 Qe7 20. Bd2 Kf7 21. Bb4 Qe6 22. h5 Qc6 23. Qf8+ Ke6 24. Qxg7 Qb6 25. Qxh8 Qd8 26. Nxf6 Kf5 27. Qxg8 Qc7 28. e4+ Kf4 29. Ke2 1-0

[Event "Morbihan-ch 1112"]
[Site "Morbihan"]
[Date "2011.11.19"]
[Round "2.8"]
[White "Cozic, Daniel"]
[Black "Rivalin, Patrick"]
[Result "0-1"]
[WhiteElo "1826"]
[BlackElo "1566"]
[PlyCount "156"]
[EventDate "2011.10.08"]
[EventType "swiss"]
[EventRounds "7"]
[EventCountry "FRA"]
[SourceTitle "EXT 2014"]
[Source "ChessBase"]
[SourceDate "2013.11.20"]
[SourceVersion "1"]
[SourceVersionDate "2013.11.20"]
[SourceQuality "1"]

1. e4 e6 2. d4 d5 3. exd5 exd5 4. Nf3 Nf6 5. Be2 Be7 6. Bf4 0-0 7. 0-0 Bf5 8. Nbd2 a6 9. Rc1 Re8 10. c4 dxc4 11. Bxc4 Bd6 12. Be3 Nc6 13. Qb3 Be6 14. Bxe6 Rxe6 15. d5 Nxd5 16. Qxb7 Na5 17. Qxd5 Bxh2+ 18. Kxh2 Qxd5 19. b3 h6 20. Rc5 Qd6+ 21. Kg1 Rxe3 22. Rxa5 Re2 23. Nc4 Qb4 24. Ra4 Qe7 25. Ne3 a5 26. Nf5 Qf6 27. N5d4 Re4 28. Rc4 c5 29. Rxc5 Rxd4 30. Nxd4 Qxd4 31. Rfc1 a4 32. R5c4 Qd3 33. R4c3 Qg6 34. Rc6 f6 35. R6c2 axb3 36. axb3 Rb8 37. Rb2 Rb4 38. Rcb1 Qd3 39. f3 f5 40. Kf2 g5 41. Ke1 Kg7 42. Kf2 Kg6 43. Ke1 g4 44. Kf2 h5 45. Kg3 Kg5 46. Kf2 Kf4 47. g3+ Kg5 48. f4+ Kf6 49. Kg2 Qf3+ 50. Kh2 h4 51. gxh4 Qxf4+ 52. Kg1 Qg3+ 53. Kf1 Rf4+ 54. Ke2 Rf2+ 55. Kd1 Rxb2 56. Rxb2 Qxh4 57. b4 Qh1+ 58. Kc2 Qg2+ 59. Kc3 Qxb2+ 60. Kxb2 g3 61. Kb3 g2 62. b5 Ke6 63. Ka4 g1Q 64. Ka5 Kd7 65. Ka6 Kc7 66. Ka5 Qa7+ 67. Kb4 Kb6 68. Kc4 Qa4+ 69. Kd5 Qxb5+ 70. Kd4 Qd7+ 71. Ke3 Qf7 72. Kf4 Kc5 73. Kf3 f4 74. Kf2 Kd4 75. Kf3 Kd3 76. Kf2 f3 77. Kf1 Qa2 78. Kg1 Qg2# 0-1

[Event "Morbihan-ch 1011"]
[Site "Morbihan"]
[Date "2011.03.26"]
[Round "6.3"]
[White "Cozic, Daniel"]
[Black "Purenne, Benoit"]
[Result "0-1"]
[WhiteElo "1910"]
[BlackElo "1940"]
[PlyCount "84"]
[EventDate "2010.10.09"]
[EventType "swiss"]
[EventRounds "7"]
[EventCountry "FRA"]
[SourceTitle "EXT 2014"]
[Source "ChessBase"]
[SourceDate "2013.11.20"]
[SourceVersion "1"]
[SourceVersionDate "2013.11.20"]
[SourceQuality "1"]

1. e4 c5 2. Nf3 e6 3. d4 cxd4 4. Nxd4 Nf6 5. Nc3 Nc6 6. Be2 Bb4 7. f3 d5 8. Nxc6 bxc6 9. exd5 Nxd5 10. Bd2 Bxc3 11. bxc3 Qh4+ 12. g3 Qf6 13. c4 Nc3 14. Bxc3 Qxc3+ 15. Kf2 0-0 16. Bd3 e5 17. Kg2 Be6 18. Qe2 Rad8 19. Qe3 Kh8 20. Qxa7 f5 21. Rhe1 e4 22. fxe4 fxe4 23. Bxe4 Rd2+ 24. Kg1 Qxc4 25. Qe3 Qb4 26. a3 Qd6 27. a4 Bh3 28. Re2 Qf6 29. Ree1 Rf2 30. Qd3 Qh6 31. g4 Bxg4 32. Qg3 Qg5 33. Bxc6 Qc5 34. Re3 Qxc6 35. Qxg4 Qf6 36. Ree1 Rf4 37. Qe6 Qh4 38. Qe3 Rf2 39. Qg3 Qd4 40. Qe3 Rf1+ 41. Kg2 Qg4+ 42. Qg3 R8f2# 0-1

[Event "Morbihan-ch 0910"]
[Site "Morbihan"]
[Date "2009.11.13"]
[Round "3.12"]
[White "Cozic, Daniel"]
[Black "Berthelot, Eric"]
[Result "1-0"]
[WhiteElo "1710"]
[BlackElo "1530"]
[PlyCount "39"]
[EventDate "2009.10.10"]
[EventType "swiss"]
[EventRounds "7"]
[EventCountry "FRA"]
[SourceTitle "EXT 2014"]
[Source "ChessBase"]
[SourceDate "2013.11.20"]
[SourceVersion "1"]
[SourceVersionDate "2013.11.20"]
[SourceQuality "1"]

1. e4 e5 2. Nf3 Nc6 3. Bb5 Nf6 4. Nc3 d6 5. d4 exd4 6. Nxd4 Bd7 7. Bg5 h6 8. Bh4 a6 9. Bc4 Be7 10. 0-0 0-0 11. f4 Bg4 12. Qd3 b5 13. Nxc6 bxc4 14. Qxc4 Qe8 15. e5 Be6 16. Nxe7+ Qxe7 17. exf6 gxf6 18. Qd4 Kg7 19. Rae1 Qd8 20. Ne4 1-0

[Event "Morbihan-ch 0910"]
[Site "Morbihan"]
[Date "2009.10.10"]
[Round "1.16"]
[White "Cozic, Daniel"]
[Black "Le Borgne, Christian"]
[Result "1-0"]
[WhiteElo "1710"]
[BlackElo "1330"]
[PlyCount "107"]
[EventDate "2009.10.10"]
[EventType "swiss"]
[EventRounds "7"]
[EventCountry "FRA"]
[SourceTitle "EXT 2014"]
[Source "ChessBase"]
[SourceDate "2013.11.20"]
[SourceVersion "1"]
[SourceVersionDate "2013.11.20"]
[SourceQuality "1"]

1. e4 e5 2. Nf3 Nc6 3. Bc4 Bc5 4. c3 d6 5. d4 exd4 6. cxd4 Bb4+ 7. Nc3 Bg4 8. Be3 Nf6 9. Bd3 0-0 10. h3 Bxf3 11. Qxf3 Re8 12. 0-0 Bxc3 13. bxc3 g6 14. Bg5 Re6 15. Bc4 h6 16. Bxe6 hxg5 17. Bb3 Qd7 18. Rfe1 Nh5 19. Rad1 Re8 20. Qd3 Nf4 21. Qf3 Kg7 22. Qg3 Qe7 23. Qg4 Rh8 24. Bd5 Rh4 25. Qf3 Qf6 26. Kf1 Ne7 27. Bxb7 g4 28. e5 Qg5 29. Qg3 Nf5 30. Qh2 gxh3 31. g3 Rh8 32. gxf4 Qh4 33. Be4 dxe5 34. Bxf5 exf4 35. Be4 Qh5 36. Qxf4 h2 37. Bh1 Qb5+ 38. Kg2 Qc6+ 39. Qf3 Qc4 40. Rd2 a5 41. Re5 a4 42. Rde2 a3 43. Qg3 Qb5 44. f4 Qb1 45. Qe1 Qb7+ 46. Kg3 Qc8 47. Qf1 Qd8 48. Kf2 Qh4+ 49. Kf3 Qf6 50. Qg2 Rh4 51. Qg5 Qc6+ 52. R5e4 Qxc3+ 53. Kf2 Qc1 54. Qe5+ 1-0